Bienvenue au Catalogue en Ligne des Bibliothèques de l'Universite du Burundi

L'entreprise et la statistique (Record no. 53231)

000 -GUIDE
Champ de contrôle de longueur fixe 00941nam a22002657a 4500
003 - IDENTITÉ DU NUMÉRO DE CONTRÔLE
Champ de contrôle BI-BuBU
008 - ÉLÉMENTS DE LONGUEUR FIXE - RENSEIGNEMENTS GÉNÉRAUX
Champ de contrôle de longueur fixe 260116b1963 fr fr|||| 000 0 fre d
037 ## - SOURCE D'ACQUISITION
Source d'acquisition et du numéro d'inventaire Fonds S.400
039 ## - NIVEAU DE CONTRÔLE BIBLIOGRAPHIQUE ET HISTORIQUE D'ENCODAGE [OBSOLETE]
Date creation 20260116095808.0
Nom catalographe Constance Niyimpa
040 ## - SOURCE DU CATALOGAGE
Organisme qui a effectué le catalogage original BI-BuBU
Code de la langue utilisée dans le catalogage fre
Organisme qui a effectué la transcription BI-BuBU
Organisme qui a effectué la modification BI-BuBU
041 0# - CODE DE LANGUE
Code de langue du texte/de la piste sonore ou du titre distinct fre
080 ## - INDICE DE LA CLASSIFICATION DÉCIMALE UNIVERSELLE (CDU)
Indice de la Classification décimale universelle 658.011.2
100 1# - VEDETTE PRINCIPALE - NOM DE PERSONNE
Code de relation aut.
Nom de personne Dumas, R.
245 12 - MENTION DU TITRE
Titre L'entreprise et la statistique
Mention de responsabilité, etc. par R. Dumas : préf. de André A. -Brunet
250 ## - MENTION D'ÉDITION
Mention d'édition 3e éd.
260 ## - PUBLICATION, DIFFUSION, ETC. (ADRESSE BIBLIOGRAPHIQUE)
Lieu de publication, diffusion, etc. Paris
Nom de l'éditeur, diffuseur, etc. Dunod
Date of publication, distribution, etc 1963
300 ## - DESCRIPTION MATÉRIELLE
Collation 2T.
Dimensions 22 cm.
504 ## - NOTE DE BIBLIOGRAPHIE ET INDEX.
Note de bibliographie et index. Bibliogr.
505 ## - NOTE DE DÉPOUILLEMENT STRUCTURÉE
Renseignements divers T.1 : Technique et Documentation statistique. - XXIII-414 p. -(L'économie d'entreprise ; 5).<br/>T.2 : Statistique et gestion de l'entreprise. - XXI-295 p. - (L'économie d'entreprise ; 6).
650 #7 - VEDETTE-MATIÈRE - NOM COMMUN
Source du terme BI-BuBU
Vedette de sujet ou vedette comportant un nom géographique Entreprise : Statistique
650 #7 - VEDETTE-MATIÈRE - NOM COMMUN
Source du terme BI-BuBU
Vedette de sujet ou vedette comportant un nom géographique Statistique : Entreprise
9 (RLIN) 121771
655 ## - TERME D'INDEXATION - GENRE OU FORME
Source du terme BI-BuBU
700 1# - VEDETTE SECONDAIRE - NOM DE PERSONNE
Code de relation préf.
Nom d'auteur Brunet, André A.
942 ## - ÉLÉMENTS D'ENTRÉE ADDITIONNELLE (KOHA)
Source de la classification ou du système de rangement
Type d item koha BOOK
Holdings
Statut de retrait Statut de perte Source de la classification ou du système de rangement Statut de déterioration Exclu du prêt Numéro d item Koha Localisation permanente Localisation actuelle Date d'acquisition Source d'acquisition Nombre de prêts Cote Code-barres Date last seen Prix en vigueur à partir du Type d item koha Numero d'inventaire
          85082 Bibliothèque de la Faculté des Sciences Économiques et Administratives Bibliothèque de la Faculté des Sciences Économiques et Administratives 16/01/2026 Fonds S.400   658.011.2 DUM. V.1 5010000798680 16/01/2026 16/01/2026 BOOK 18884
          85083 Bibliothèque de la Faculté des Sciences Économiques et Administratives Bibliothèque de la Faculté des Sciences Économiques et Administratives 16/01/2026 Fonds S.400   658.011.2 DUM. V.2 5010000798697 16/01/2026 16/01/2026 BOOK 18868
© 2019-2026 - Bibliothèques de l'Université du Burundi |Tous droits réservés
home | Pour toute information urgente Contactez nous | tel whatsupp: +25779204313